00556 2200193 4500001002100000005001500021035002000036007000300056008004100059020001800100082000800118084001400126100002000140245010000160260004300260300002500303600001300328990002100341INLIS00000000000030620220512083239 a0010-0522000006ta220512 0 ind  a9789796104345 a153 a153 ARM m0 aArman Yurisaldi1 ametode aktivasi otak :bmengendalikan potensi otak, otak anak akan "mati" jika tidak diaktivasi aYogyakarta :bPustaka Widyatama,c2010 a179 :bilus ;c25 cm 4amotivasi a234/SMPN7/SBY/16